[Event "NOR-ch Mester"]
[Site "Stavanger"]
[Date "2017.07.03"]
[Round "4"]
[White "Snellingen, Jorn"]
[Black "Sorensen, Kristian"]
[Result "0-1"]
[WhiteElo "2061"]
[BlackElo "2131"]
[PlyCount "106"]
[EventDate "2017.07.01"]
[EventType "swiss"]
[EventRounds "9"]
[EventCountry "NOR"]
[SourceTitle "EXT 2018"]
[Source "ChessBase"]
[SourceDate "2017.10.13"]
[SourceVersion "1"]
[SourceVersionDate "2017.10.13"]
[SourceQuality "1"]

1. e4 c6 2. d4 d5 3. Nc3 dxe4 4. Nxe4 Nf6 5. Nxf6+ gxf6 6. c3 Bf5 7. Nf3 e6 8. g3 Be4 9. Bg2 Nd7 10. 0-0 Be7 11. Re1 f5 12. Bf4 Nf6 13. Qe2 Nd5 14. Bd2 Bf6 15. b4 Qe7 16. b5 c5 17. Ne5 Bxg2 18. Kxg2 cxd4 19. cxd4 0-0 20. Rec1 Rfc8 21. a4 Qe8 22. a5 Rxc1 23. Rxc1 Rc8 24. Rxc8 Qxc8 25. Qh5 Qc7 26. Bh6 Bg7 27. Qg5 f6 28. Qxg7+ Qxg7 29. Bxg7 Kxg7 30. Nc4 Kf8 31. a6 bxa6 32. bxa6 Ke7 33. Kf3 Nb4 34. Kf4 Nxa6 35. d5 exd5 36. Ne3 Ke6 37. Nxf5 Nc5 38. Nd4+ Kf7 39. Nc6 a6 40. Kf5 Nb3 41. Nb4 d4 42. Ke4 a5 43. Na2 Ke6 44. h4 f5+ 45. Kd3 Kd5 46. f3 h5 47. Kc2 Nc5 48. Nc1 Kc4 49. f4 d3+ 50. Kd2 Ne4+ 51. Ke3 d2 52. Nd3 Kc3 53. Ke2 d1Q+ 0-1

[Event "Oslo Nordstrand op"]
[Site "Oslo"]
[Date "2015.04.17"]
[Round "3"]
[White "Mihajlov, Sebastian"]
[Black "Snellingen, Jorn"]
[Result "1-0"]
[WhiteElo "2285"]
[BlackElo "2036"]
[PlyCount "53"]
[EventDate "2015.04.17"]
[EventType "swiss"]
[EventRounds "5"]
[EventCountry "NOR"]
[SourceTitle "CBM 166 Extra"]
[Source "ChessBase"]
[SourceDate "2015.06.18"]
[SourceVersion "1"]
[SourceVersionDate "2015.06.18"]
[SourceQuality "1"]

1. d4 Nf6 2. c4 Nc6 3. Nc3 e5 4. d5 Ne7 5. e4 Ng6 6. h4 Bb4 7. h5 Ne7 8. h6 gxh6 9. Qf3 Nfg8 10. a3 Bxc3+ 11. Qxc3 d6 12. f4 Nf6 13. fxe5 dxe5 14. Qxe5 Qd6 15. Bf4 Rg8 16. 0-0-0 Qxe5 17. Bxe5 Nxe4 18. Re1 Ng3 19. Rxh6 Nxf1 20. Bf6 Rg4 21. Rxe7+ Kf8 22. Rxh7 Rxc4+ 23. Kd1 Rg4 24. Rh8+ Rg8 25. Re8+ Kxe8 26. Rxg8+ Kd7 27. Rd8# 1-0

[Event "Oslo op"]
[Site "Oslo"]
[Date "2014.04.04"]
[Round "3"]
[White "Tari, Aryan"]
[Black "Snellingen, Jorn"]
[Result "1-0"]
[WhiteElo "2293"]
[BlackElo "1968"]
[PlyCount "69"]
[EventDate "2014.04.04"]
[EventType "swiss"]
[EventRounds "5"]
[EventCountry "NOR"]
[SourceTitle "EXT 2016"]
[Source "ChessBase"]
[SourceDate "2015.10.08"]
[SourceVersion "1"]
[SourceVersionDate "2015.10.08"]
[SourceQuality "1"]

1. e4 c5 2. Nf3 d6 3. d4 cxd4 4. Qxd4 Nc6 5. Bb5 Bd7 6. Qd3 a6 7. Bxc6 Bxc6 8. c4 Nf6 9. Nc3 g6 10. 0-0 Bg7 11. h3 0-0 12. Nd4 Rc8 13. Be3 Bd7 14. Rac1 Qa5 15. Rfe1 Rfd8 16. a3 e6 17. b4 Qc7 18. Nb1 e5 19. Ne2 Be6 20. Nd2 Qd7 21. Nc3 Nh5 22. Nd5 Bxd5 23. cxd5 f5 24. Nc4 fxe4 25. Qd2 Qe7 26. Nb6 Rxc1 27. Rxc1 Qf7 28. Qc2 Nf4 29. Qc7 Ne2+ 30. Kf1 Ng3+ 31. Ke1 Qxc7 32. Rxc7 Nf5 33. Rxb7 Nd4 34. Kd2 a5 35. bxa5 1-0

[Event "Oslo Nordstrand GP A"]
[Site "Oslo"]
[Date "2012.04.20"]
[Round "1"]
[White "Lillevold, Frode"]
[Black "Snellingen, Jorn"]
[Result "1/2-1/2"]
[WhiteElo "2051"]
[BlackElo "1828"]
[PlyCount "95"]
[EventDate "2012.04.20"]
[EventType "swiss"]
[EventRounds "5"]
[EventCountry "NOR"]
[SourceTitle "EXT 2023"]
[Source "ChessBase"]
[SourceDate "2022.10.05"]
[SourceVersion "1"]
[SourceVersionDate "2022.10.05"]
[SourceQuality "1"]

1. d4 Nf6 2. c4 Nc6 3. Nf3 e6 4. Nc3 Bb4 5. Qc2 0-0 6. a3 Bxc3+ 7. Qxc3 a5 8. Bg5 d6 9. e3 h6 10. Bh4 g5 11. Bg3 Ne4 12. Qc2 f5 13. Bd3 Nxg3 14. hxg3 Qf6 15. 0-0 e5 16. dxe5 dxe5 17. Nd2 Be6 18. c5 e4 19. Be2 Ne5 20. Rac1 Rfd8 21. Rfd1 Kg7 22. Nb1 c6 23. Rxd8 Rxd8 24. Rd1 Nd3 25. Bxd3 Rxd3 26. Rxd3 exd3 27. Qc3 Qxc3 28. bxc3 Kf6 29. Nd2 Ke5 30. c4 f4 31. gxf4+ gxf4 32. Kf1 h5 33. Ke1 fxe3 34. fxe3 Bg4 35. Kf2 Bd1 36. Kg3 Be2 37. Kh4 Bg4 38. Kg5 Be2 39. Kh4 Bg4 40. Kg3 Be2 41. Kf2 Bd1 42. g3 Bc2 43. Ke1 Kf5 44. Nf3 Ke4 45. Kf2 Bd1 46. Nd2+ Ke5 47. Nb1 Bb3 48. Nd2 1/2-1/2

[Event "As CC-ch A"]
[Site "As"]
[Date "2012.01.19"]
[Round "1"]
[White "Lange, Holger1111"]
[Black "Snellingen, Jorn"]
[Result "0-1"]
[WhiteElo "1660"]
[BlackElo "1828"]
[PlyCount "134"]
[EventDate "2012.01.19"]
[EventType "tourn"]
[EventRounds "9"]
[EventCountry "NOR"]
[SourceTitle "EXT 2024"]
[Source "ChessBase"]
[SourceDate "2023.10.10"]
[SourceVersion "1"]
[SourceVersionDate "2023.10.10"]
[SourceQuality "1"]

1. e4 Nf6 2. e5 Nd5 3. d4 d6 4. c4 Nb6 5. Nf3 g6 6. Nc3 Bg7 7. Be3 Nc6 8. exd6 exd6 9. h3 0-0 10. Be2 d5 11. c5 Nc4 12. Bxc4 dxc4 13. 0-0 Bf5 14. Rc1 Bd3 15. Ne2 Nb4 16. a3 Nd5 17. Re1 Re8 18. Qd2 b5 19. Nc3 Nxe3 20. fxe3 c6 21. Nd1 f5 22. Nf2 Be4 23. Nxe4 Rxe4 24. Qf2 Qe7 25. Nd2 Re6 26. Qf4 Re8 27. Nf1 Re4 28. Qd6 Qxd6 29. cxd6 Rd8 30. Nd2 Ree8 31. b3 Rxd6 32. bxc4 bxc4 33. Nxc4 Rde6 34. Kf2 g5 35. Na5 f4 36. Nxc6 fxe3+ 37. Ke2 Rf8 38. Rf1 Rfe8 39. d5 Rd6 40. Rcd1 a6 41. Rf3 Bb2 42. Rd3 Bc1 43. Rf5 h6 44. Rb3 Rd7 45. a4 Re4 46. Rb8+ Kg7 47. Rb4 Rxb4 48. Nxb4 a5 49. Nd3 Bd2 50. Nc5 Rd6 51. Ne4 Rb6 52. d6 Bb4 53. Rd5 Bxd6 54. Nxd6 Rb4 55. Rxa5 Rb2+ 56. Kxe3 Rxg2 57. Kf3 Rd2 58. Nc4 Rd3+ 59. Ne3 Kg6 60. Rd5 Ra3 61. a5 h5 62. Rd6+ Kg7 63. a6 g4+ 64. hxg4 hxg4+ 65. Kf4 g3 66. Nf5+ Kf7 67. Nxg3 Ke7 0-1

[Event "Oslo Johannessen Memorial"]
[Site "Oslo"]
[Date "2008.07.01"]
[Round "8"]
[White "Taksrud, Vidar"]
[Black "Snellingen, Jorn"]
[Result "1-0"]
[WhiteElo "2164"]
[BlackElo "1932"]
[PlyCount "115"]
[EventDate "2008.06.27"]
[EventType "swiss"]
[EventRounds "9"]
[EventCountry "NOR"]
[SourceTitle "CBM 125 Extra"]
[Source "ChessBase"]
[SourceDate "2008.09.01"]
[SourceVersion "1"]
[SourceVersionDate "2008.09.01"]
[SourceQuality "1"]

1. Nc3 Nf6 2. e4 d5 3. exd5 Nxd5 4. Bc4 e6 5. Qf3 c6 6. Nge2 Nd7 7. d4 Qf6 8. Qg3 Qg6 9. a3 Nxc3 10. Nxc3 Qxg3 11. hxg3 Nf6 12. Bf4 Nd5 13. Nxd5 exd5 14. Bd3 h6 15. 0-0-0 Be6 16. Rde1 Kd7 17. Be5 f6 18. Bf4 g5 19. Bd2 Bd6 20. Re3 f5 21. Rhe1 Bf7 22. Bxf5+ Kd8 23. Bb4 Bxb4 24. axb4 Re8 25. Rxe8+ Bxe8 26. g4 Bd7 27. Rh1 a5 28. Rxh6 axb4 29. Rh8+ Be8 30. Bg6 Ke7 31. Kd2 b6 32. g3 c5 33. f4 Bc6 34. Rxa8 Bxa8 35. fxg5 Bc6 36. c3 bxc3+ 37. bxc3 Kf8 38. Ke3 Kg7 39. Bf5 Bb5 40. Kf4 Bc4 41. Ke5 cxd4 42. Kxd4 Kf7 43. g6+ Kf6 44. g5+ Kg7 45. Ke5 b5 46. Kd4 Bb3 47. Bd3 Ba2 48. Kc5 Bb3 49. Kxb5 Bd1 50. Kc5 Bf3 51. Kd4 Bg2 52. Ke5 Bf3 53. Bf5 Bg2 54. Be6 Kxg6 55. Bxd5 Bf1 56. Kf4 Ba6 57. Be4+ Kg7 58. Ke5 1-0

[Event "Oslo Johannessen Memorial"]
[Site "Oslo"]
[Date "2008.06.30"]
[Round "6"]
[White "Skovgaard, Ib"]
[Black "Snellingen, Jorn"]
[Result "1-0"]
[WhiteElo "2055"]
[BlackElo "1932"]
[PlyCount "67"]
[EventDate "2008.06.27"]
[EventType "swiss"]
[EventRounds "9"]
[EventCountry "NOR"]
[SourceTitle "CBM 125 Extra"]
[Source "ChessBase"]
[SourceDate "2008.09.01"]
[SourceVersion "1"]
[SourceVersionDate "2008.09.01"]
[SourceQuality "1"]

1. e4 Nf6 2. e5 Nd5 3. c4 Nb6 4. d4 d6 5. exd6 cxd6 6. Nc3 g6 7. Be3 Bg7 8. Rc1 0-0 9. b3 Nc6 10. d5 Ne5 11. Be2 h6 12. f4 Ned7 13. Nf3 Nf6 14. Nd4 Nbd7 15. 0-0 e6 16. dxe6 fxe6 17. Ndb5 d5 18. cxd5 exd5 19. Nxd5 Nxd5 20. Qxd5+ Kh7 21. Nc7 Qe7 22. Rf3 Rb8 23. Bd3 Nb6 24. Qc5 Qd8 25. Rd1 Qf6 26. Bc2 Bg4 27. Rd6 Qa1+ 28. Rf1 Qxa2 29. Rxg6 Be2 30. Rxg7+ Kxg7 31. Qc3+ Kf7 32. Ra1 Nd5 33. Nxd5 Rbc8 34. Qf6+ 1-0

[Event "Oslo Johannessen Memorial"]
[Site "Oslo"]
[Date "2008.06.27"]
[Round "1"]
[White "Snellingen, Jorn"]
[Black "Matthiesen, Martin"]
[Result "1/2-1/2"]
[WhiteElo "1932"]
[BlackElo "2365"]
[PlyCount "83"]
[EventDate "2008.06.27"]
[EventType "swiss"]
[EventRounds "9"]
[EventCountry "NOR"]
[SourceTitle "CBM 125 Extra"]
[Source "ChessBase"]
[SourceDate "2008.09.01"]
[SourceVersion "1"]
[SourceVersionDate "2008.09.01"]
[SourceQuality "1"]

1. e4 c5 2. c3 Nf6 3. e5 Nd5 4. Nf3 Nc6 5. d4 cxd4 6. cxd4 d6 7. Bc4 Nb6 8. Bb3 d5 9. h3 Bf5 10. Bc2 Bxc2 11. Qxc2 e6 12. 0-0 Be7 13. a4 Rc8 14. Qe2 Na5 15. Qb5+ Nd7 16. Bd2 b6 17. Na3 0-0 18. Bb4 Bxb4 19. Qxb4 a6 20. Rac1 Rc6 21. Rxc6 Nxc6 22. Qb3 Qe7 23. Rc1 Rc8 24. Qd3 Ndb8 25. Qc3 Qf8 26. Rc2 Nd7 27. Qd2 h6 28. b4 a5 29. b5 Qxa3 30. Rxc6 Rd8 31. Qc2 Qe7 32. Rc7 Kf8 33. Qc6 Ke8 34. Rb7 Qb4 35. Rxb6 Qxa4 36. Ra6 Qb4 37. b6 Rb8 38. Ra7 Rd8 39. b7 Qb6 40. Qxb6 Nxb6 41. Ra6 Nd7 42. Rxa5 1/2-1/2

[Event "Oslo Advent Star op"]
[Site "Oslo"]
[Date "2007.12.02"]
[Round "6"]
[White "Lillevold, Frode"]
[Black "Snellingen, Jorn"]
[Result "1-0"]
[WhiteElo "2075"]
[BlackElo "1848"]
[PlyCount "83"]
[EventDate "2007.11.??"]
[EventType "swiss"]
[EventRounds "6"]
[EventCountry "NOR"]
[SourceTitle "EXT 2010"]
[Source "ChessBase"]
[SourceDate "2010.11.25"]
[SourceVersion "1"]
[SourceVersionDate "2010.11.25"]
[SourceQuality "1"]

1. d4 Nf6 2. c4 Nc6 3. Nf3 e6 4. Nc3 Bb4 5. Qc2 d6 6. a3 Bxc3+ 7. Qxc3 a5 8. b3 0-0 9. e3 Ne4 10. Qc2 f5 11. Bd3 Ng5 12. Nxg5 Qxg5 13. f4 Qh6 14. Bb2 Bd7 15. 0-0-0 d5 16. g4 Qh3 17. gxf5 Qxe3+ 18. Kb1 exf5 19. cxd5 Nxd4 20. Qc5 Qxf4 21. Qxd4 Qxd4 22. Bxd4 g5 23. Rc1 Rac8 24. Rhe1 Kf7 25. Re5 Kg6 26. Kc2 h5 27. h4 g4 28. Kd2 Rf7 29. Ke3 b6 30. Kf4 b5 31. Rc5 b4 32. a4 c6 33. dxc6 Be8 34. Re6+ Kh7 35. Kg5 Rfc7 36. Rh6+ Kg8 37. Rh8+ Kf7 38. Rxf5+ Ke6 39. Bc4+ Kd6 40. Rh6+ Ke7 41. Rh7+ Kd6 42. Rf6# 1-0

[Event "NOR-ch qual-A"]
[Site "Oslo"]
[Date "2007.04.02"]
[Round "3"]
[White "Skrondal, Inge Sandstad"]
[Black "Snellingen, Jorn"]
[Result "1-0"]
[WhiteElo "2112"]
[BlackElo "1817"]
[PlyCount "81"]
[EventDate "2007.04.01"]
[EventType "swiss"]
[EventRounds "7"]
[EventCountry "NOR"]
[SourceTitle "EXT 2008"]
[Source "ChessBase"]
[SourceDate "2007.11.25"]
[SourceVersion "1"]
[SourceVersionDate "2007.11.25"]
[SourceQuality "1"]

1. Nf3 Nf6 2. c4 Nc6 3. d4 e6 4. a3 g6 5. Nc3 Bg7 6. e4 d6 7. h3 0-0 8. Bg5 Qe8 9. Bd3 a6 10. Be3 Nd7 11. 0-0 e5 12. d5 Ne7 13. Nh2 f5 14. f3 f4 15. Bf2 g5 16. b4 b6 17. c5 bxc5 18. bxc5 h5 19. Na4 Qg6 20. Rc1 Nf6 21. cxd6 cxd6 22. Nb6 g4 23. hxg4 hxg4 24. Nxc8 Raxc8 25. Rxc8 Rxc8 26. Nxg4 Nxg4 27. fxg4 Rc3 28. Be1 Rxa3 29. Bb4 Ra2 30. Qb1 Ra4 31. Qb3 Rxb4 32. Qxb4 Qxg4 33. Qxd6 Qg3 34. Rf3 Qe1+ 35. Bf1 Bf8 36. Qe6+ Kg7 37. Qxe5+ Kg8 38. Qxf4 Ng6 39. Qf7+ Kh8 40. Rh3+ Nh4 41. Qxf8+ 1-0

[Event "Sandefjord GP Group-A"]
[Site "Sandefjord"]
[Date "2006.10.14"]
[Round "3"]
[White "Snellingen, Jorn"]
[Black "Sorseth, Gjermund"]
[Result "1-0"]
[WhiteElo "1824"]
[BlackElo "1853"]
[PlyCount "53"]
[EventDate "2006.10.13"]
[EventType "swiss"]
[EventRounds "5"]
[EventCountry "NOR"]
[SourceTitle "EXT 2009"]
[Source "ChessBase"]
[SourceDate "2008.11.26"]
[SourceVersion "1"]
[SourceVersionDate "2008.11.26"]
[SourceQuality "1"]

1. e4 c5 2. Nf3 Nc6 3. Nc3 e6 4. Bb5 Qc7 5. d3 Bd6 6. Bxc6 Qxc6 7. Be3 e5 8. Nd5 Ne7 9. Nxe7 Kxe7 10. Nh4 g6 11. 0-0 f6 12. f4 exf4 13. Bxf4 Rf8 14. Qf3 Bxf4 15. Qxf4 Kd8 16. Nf3 d6 17. Rae1 Kc7 18. Qh6 Bd7 19. Ng5 d5 20. e5 Bf5 21. Nxh7 Rh8 22. Qg7+ Kb6 23. Nxf6 Rh4 24. Qe7 Rah8 25. h3 Qc8 26. Nxd5+ Ka6 27. Nc7+ 1-0